| 000 -LEADER |
| fixed length control field |
01639nam a22002537 4500 |
| 003 - CONTROL NUMBER IDENTIFIER |
| control field |
AR-BaISA |
| 005 - DATE AND TIME OF LATEST TRANSACTION |
| control field |
20240529130136.0 |
| 007 - PHYSICAL DESCRIPTION FIXED FIELD--GENERAL INFORMATION |
| fixed length control field |
ta |
| 008 - FIXED-LENGTH DATA ELEMENTS--GENERAL INFORMATION |
| fixed length control field |
240529s2006 ag |||| |||| 000 0 spa d |
| 020 ## - INTERNATIONAL STANDARD BOOK NUMBER |
| International Standard Book Number |
9505576927 |
| 040 ## - CATALOGING SOURCE |
| Language of cataloging |
spa |
| Transcribing agency |
AR-BaISA |
| 082 04 - DEWEY DECIMAL CLASSIFICATION NUMBER |
| Edition number |
22 |
| Classification number |
150.195 Ch976 |
| 245 13 - TITLE STATEMENT |
| Title |
La creencia y el psicoanálisis / |
| Statement of responsibility, etc. |
Diana Chorne y Mario Goldenberg |
| 260 ## - PUBLICATION, DISTRIBUTION, ETC. |
| Place of publication, distribution, etc. |
México: |
| Name of publisher, distributor, etc. |
Fondo de Cultura Económica, |
| Date of publication, distribution, etc. |
2006 |
| 300 ## - PHYSICAL DESCRIPTION |
| Extent |
193 p. |
| 490 1# - SERIES STATEMENT |
| Serie |
Psicología, psiquiatría y psicoanálisis |
| 505 ## - FORMATTED CONTENTS NOTE |
| Title |
Celio García / Carta a los lectores -- |
| -- |
Mario Goldenberg / La pertinencia de interrogar la frase de Nietzsche -- |
| -- |
CREENCIA, RELIGIÓN Y PSICOANÁLISIS: |
| -- |
Jacques-Alain Miller / Religión, psicoanálisis -- |
| -- |
Diana Chorne / Creencia y psicoanálisis -- |
| -- |
Patricio Álvarez / Dos versiones del padre |
| -- |
UNO Y NO TODO: |
| -- |
Jorge Alemán / Genealogía del significante amo -- |
| -- |
Karina Lipzer / Sobre el Uno -- |
| -- |
Mary Pirrone / Moisés y el monoteísmo: lo manifiesto en Freud |
| -- |
DIOS. MUERTO O INCONSCIENTE: |
| -- |
Ricardo Ibarlucía / La próxima muerte de Dios -- |
| -- |
Alejandra Jalof / El ateísmo en psicoanálisis |
| -- |
EL MAL Y EL SACRIFICIO: |
| -- |
Silvia García / El sacrificio en la religión y su relación con el deseo -- |
| -- |
Silvia Bermúdez / Desde la época del porvenir de una ilusión |
| -- |
ENTREVISTAS: |
| -- |
Mario Goldenberg / Diálogo con Alain Badiou -- |
| -- |
Mario Goldenberg / Entrevista con Slavoj Zizek |
| 650 10 - SUBJECT ADDED ENTRY--TOPICAL TERM |
| 9 (RLIN) |
141 |
| Topical term or geographic name entry element |
Psicoanálisis |
| 650 10 - SUBJECT ADDED ENTRY--TOPICAL TERM |
| 9 (RLIN) |
3401 |
| Topical term or geographic name entry element |
Religión |
| 700 1# - ADDED ENTRY--PERSONAL NAME |
| 9 (RLIN) |
3397 |
| Personal name |
Chorne, Diana |
| Relator term |
comp. |
| 700 1# - ADDED ENTRY--PERSONAL NAME |
| 9 (RLIN) |
3400 |
| Personal name |
Goldenberg, Mario |
| Relator term |
comp. |
| 830 ## - SERIES ADDED ENTRY--UNIFORM TITLE |
| 9 (RLIN) |
3399 |
| Uniform title |
Psicología, psiquiatría y psicoanálisis |
| 942 ## - ADDED ENTRY ELEMENTS (KOHA) |
| Source of classification or shelving scheme |
|
| Koha item type |
Libros |
| Edition |
22 |